[Event "CHN-ch"]
[Site "Xinghua"]
[Date "2025.07.01"]
[Round "9"]
[White "Pei, Dongfang"]
[Black "Zhang, Hongya"]
[Result "1/2-1/2"]
[WhiteElo "1547"]
[BlackElo "2029"]
[PlyCount "85"]
[EventDate "2025.06.23"]
[EventType "swiss"]
[EventRounds "11"]
[EventCountry "CHN"]
[SourceTitle "CB28_2025"]
[SourceDate "2025.07.09"]
[SourceVersion "1"]
[SourceVersionDate "2025.07.09"]
[SourceQuality "1"]

1. e4 c5 2. Nf3 e6 3. d4 cxd4 4. Nxd4 Nc6 5. Nc3 Qc7 6. Ndb5 Qb8 7. Be2 a6 8. Nd4 Qc7 9. 0-0 b5 10. Nxc6 Qxc6 11. Bf3 Bb7 12. a3 Qc7 13. Re1 Bc5 14. e5 f5 15. Be3 Bxe3 16. Rxe3 Ne7 17. Bxb7 Qxb7 18. Qh5+ Ng6 19. Rg3 0-0-0 20. Re1 Rdf8 21. Qd1 Rhg8 22. Ne2 Kb8 23. Qd6+ Ka8 24. Rd1 Rc8 25. Nc3 Rgd8 26. Re1 Qc6 27. Qd2 d5 28. Ne2 Qxc2 29. Qxc2 Rxc2 30. Nd4 Rc4 31. Nxe6 Re8 32. Nxg7 Rxe5 33. Rge3 Rce4 34. Kf1 Kb7 35. Nh5 Rxe3 36. Rxe3 Rxe3 37. fxe3 Ne5 38. Ng3 Nc4 39. Nxf5 Nxb2 40. Ne7 Nc4 41. Nxd5 Nxa3 42. Ke2 a5 43. Kd3 1/2-1/2

[Event "CHN-ch"]
[Site "Xinghua"]
[Date "2025.06.29"]
[Round "7"]
[White "Zhang, Hongya"]
[Black "Shen, Houlin"]
[Result "1/2-1/2"]
[WhiteElo "2029"]
[BlackElo "1627"]
[PlyCount "60"]
[EventDate "2025.06.23"]
[EventType "swiss"]
[EventRounds "11"]
[EventCountry "CHN"]
[SourceTitle "CB28_2025"]
[SourceDate "2025.07.09"]
[SourceVersion "1"]
[SourceVersionDate "2025.07.09"]
[SourceQuality "1"]

1. e4 c5 2. Nf3 Nc6 3. d4 cxd4 4. Nxd4 Nf6 5. Nc3 d6 6. Bg5 e6 7. Qd2 a6 8. 0-0-0 Bd7 9. f3 b5 10. Nxc6 Bxc6 11. Ne2 Be7 12. Nd4 Bb7 13. h4 Rc8 14. g4 h6 15. Be3 Nd7 16. Bd3 h5 17. gxh5 Rxh5 18. Qg2 Rxh4 19. Rxh4 Bxh4 20. Qxg7 Qf6 21. Qh7 Ke7 22. Qh6 Qxh6 23. Bxh6 Bf6 24. Be3 d5 25. Nb3 Rg8 26. Nc5 Nxc5 27. Bxc5+ Kd7 28. f4 Be7 29. Bxe7 Kxe7 30. e5 Rg4 1/2-1/2

[Event "CHN-ch"]
[Site "Xinghua"]
[Date "2025.06.23"]
[Round "1"]
[White "Zhang, Hongya"]
[Black "Wang, Shixu B"]
[Result "1-0"]
[WhiteElo "2029"]
[BlackElo "2452"]
[PlyCount "81"]
[EventDate "2025.06.23"]
[EventType "swiss"]
[EventRounds "11"]
[EventCountry "CHN"]
[SourceTitle "CB28_2025"]
[SourceDate "2025.07.09"]
[SourceVersion "1"]
[SourceVersionDate "2025.07.09"]
[SourceQuality "1"]

1. e4 c5 2. Nf3 d6 3. d4 cxd4 4. Nxd4 Nf6 5. Nc3 a6 6. h3 e5 7. Nb3 Be7 8. g4 h6 9. Bg2 b5 10. a4 bxa4 11. Rxa4 Bd7 12. Ra1 Nc6 13. Be3 0-0 14. 0-0 Qb8 15. Qd2 Rc8 16. Na4 Bd8 17. Rfd1 Nb4 18. c3 Nbd5 19. exd5 Qxb3 20. Ra3 Qb7 21. Rc1 Bb5 22. b3 Bxa4 23. bxa4 Ba5 24. Qa2 Rab8 25. c4 Nd7 26. Be4 Bb4 27. Rb3 Nc5 28. Bxc5 Rxc5 29. Rxb4 Qxb4 30. Rb1 Ra5 31. Rxb4 Rxb4 32. Bc2 Rc5 33. Bd3 Ra5 34. Qe2 Kf8 35. g5 Rb3 36. Qg4 Ke7 37. gxh6 gxh6 38. Qh4+ Ke8 39. Bf5 Rf3 40. Qf6 Rxa4 41. Bd7+ 1-0

[Event "Asia-chT rapid"]
[Site "Hong Kong"]
[Date "2024.08.23"]
[Round "8.22"]
[White "Abdilkhair, Abilmansur"]
[Black "Zhang, Hongya"]
[Result "1-0"]
[WhiteElo "2358"]
[BlackElo "1648"]
[PlyCount "83"]
[EventDate "2024.08.22"]
[EventType "team-swiss (rapid)"]
[EventRounds "11"]
[EventCountry "HKG"]
[SourceTitle "CBM 221 Extra"]
[Source "ChessBase"]
[SourceDate "2024.09.30"]
[SourceVersion "1"]
[SourceVersionDate "2024.09.30"]
[SourceQuality "1"]
[WhiteTeam "The Red Pseudodragon"]
[BlackTeam "Monthly Standard"]
[WhiteTeamCountry "PHI"]
[BlackTeamCountry "HKG"]

1. e4 c5 2. Nf3 e6 3. d4 cxd4 4. Nxd4 Nc6 5. Nc3 Qc7 6. Be3 a6 7. Qd2 Nf6 8. f4 b5 9. e5 b4 10. Ncb5 axb5 11. Nxb5 Qb8 12. exf6 gxf6 13. Be2 Be7 14. 0-0 Ba6 15. c4 bxc3 16. bxc3 Bxb5 17. Rfb1 Qd6 18. Qxd6 Bxd6 19. Bxb5 Ra3 20. Rb3 Ne7 21. c4 Nf5 22. c5 Rxb3 23. axb3 Bb8 24. Bf2 Ke7 25. g3 Rg8 26. b4 h5 27. Kg2 h4 28. Kf3 hxg3 29. hxg3 Bc7 30. Ra7 Rxg3+ 31. Bxg3 Nd4+ 32. Kg2 Nxb5 33. Rb7 e5 34. fxe5 fxe5 35. Rxb5 f5 36. Rb7 Kd8 37. b5 Kc8 38. Rxc7+ Kxc7 39. Bxe5+ Kb7 40. Kf3 Ka7 41. Kf4 Kb7 42. Kxf5 1-0

[Event "Asia-chT rapid"]
[Site "Hong Kong"]
[Date "2024.08.23"]
[Round "7.33"]
[White "Zhang, Hongya"]
[Black "Wang, Mi"]
[Result "1-0"]
[WhiteElo "1648"]
[BlackElo "1765"]
[PlyCount "51"]
[EventDate "2024.08.22"]
[EventType "team-swiss (rapid)"]
[EventRounds "11"]
[EventCountry "HKG"]
[SourceTitle "CBM 221 Extra"]
[Source "ChessBase"]
[SourceDate "2024.09.30"]
[SourceVersion "1"]
[SourceVersionDate "2024.09.30"]
[SourceQuality "1"]
[WhiteTeam "Monthly Standard"]
[BlackTeam "Double A"]
[WhiteTeamCountry "HKG"]
[BlackTeamCountry "TPE"]

1. e4 c5 2. Nf3 d6 3. d4 cxd4 4. Nxd4 Nf6 5. Nc3 e6 6. g4 e5 7. Nf5 Bxf5 8. exf5 Nc6 9. Bg2 Rc8 10. g5 Nd7 11. Be3 Nb6 12. Qd3 Qd7 13. a3 Na5 14. 0-0-0 Nac4 15. Bxb6 axb6 16. f4 f6 17. Bd5 Qc7 18. Be6 Ra8 19. Qxc4 Qxc4 20. Bxc4 fxg5 21. fxe5 dxe5 22. Rhe1 Be7 23. Rxe5 Kf8 24. Rd7 Bf6 25. Rf7+ Kg8 26. Rxf6# 1-0

[Event "Asia-chT rapid"]
[Site "Hong Kong"]
[Date "2024.08.22"]
[Round "2.4"]
[White "Ni, Shiqun"]
[Black "Zhang, Hongya"]
[Result "1-0"]
[WhiteElo "2345"]
[BlackElo "1648"]
[PlyCount "71"]
[EventDate "2024.08.22"]
[EventType "team-swiss (rapid)"]
[EventRounds "11"]
[EventCountry "HKG"]
[SourceTitle "CBM 221 Extra"]
[Source "ChessBase"]
[SourceDate "2024.09.30"]
[SourceVersion "1"]
[SourceVersionDate "2024.09.30"]
[SourceQuality "1"]
[WhiteTeam "Shanghai Chess and Card"]
[BlackTeam "Monthly Standard"]
[WhiteTeamCountry "CHN"]
[BlackTeamCountry "HKG"]

1. e4 c5 2. Nf3 e6 3. c3 d5 4. exd5 Qxd5 5. d4 Nc6 6. Na3 cxd4 7. Nb5 Bd6 8. Bc4 Qe4+ 9. Be3 Bb8 10. Nbxd4 Nf6 11. Bd3 Qd5 12. Nxc6 Qxc6 13. 0-0 0-0 14. Bg5 e5 15. Re1 h6 16. Bxf6 Qxf6 17. Be4 Bc7 18. Qb3 Bb6 19. a4 Be6 20. Qb5 Rad8 21. a5 Bc7 22. Qxb7 Rd7 23. Qxa7 Rfd8 24. Qc5 Bb8 25. a6 Ba7 26. Qxe5 Qxe5 27. Nxe5 Rd2 28. Nc6 Bxf2+ 29. Kh1 Re8 30. a7 g6 31. a8Q Rxa8 32. Rxa8+ Kg7 33. Rea1 Rxb2 34. Nd4 Bc4 35. Rc8 Bxd4 36. Rxc4 1-0

[Event "Hong Kong op"]
[Site "Hong Kong"]
[Date "2023.12.27"]
[Round "7"]
[White "Zhang, Hongya"]
[Black "Yee, Hao Loong"]
[Result "0-1"]
[WhiteElo "1285"]
[BlackElo "1564"]
[PlyCount "128"]
[EventDate "2023.12.24"]
[EventType "swiss"]
[EventRounds "9"]
[EventCountry "HKG"]
[SourceTitle "CBM 217 Extra"]
[Source "ChessBase"]
[SourceDate "2024.01.31"]
[SourceVersion "1"]
[SourceVersionDate "2024.01.31"]
[SourceQuality "1"]

1. e4 e5 2. Nf3 Nc6 3. Bb5 a6 4. Ba4 Nf6 5. 0-0 Be7 6. Re1 b5 7. Bb3 d6 8. c3 0-0 9. d4 Bg4 10. Be3 Re8 11. Nbd2 Bf8 12. Bc2 Nb8 13. a4 Nbd7 14. d5 Qb8 15. a5 h6 16. Nf1 Bh5 17. Ng3 Bg6 18. Nh4 Kh7 19. Nhf5 Bxf5 20. Nxf5 g6 21. Ng3 Qb7 22. Qf3 c6 23. dxc6 Qxc6 24. Bb3 Re7 25. Red1 Bg7 26. Rd2 Nc5 27. Bxc5 dxc5 28. Bd5 Nxd5 29. exd5 Qd7 30. d6 Ree8 31. Qd5 f5 32. Qxc5 Rac8 33. Qd5 Re6 34. Qf3 e4 35. Qe3 Rxd6 36. Rad1 Rxd2 37. Rxd2 Qe6 38. Qb6 Rc6 39. Qa7 Rd6 40. Rxd6 Qxd6 41. Qb6 Qd1+ 42. Nf1 f4 43. Qe6 Qe1 44. g3 e3 45. fxe3 f3 46. Qd5 Qe2 47. Qd2 h5 48. h4 b4 49. cxb4 Bxb2 50. Qxe2 fxe2 51. Kf2 exf1Q+ 52. Kxf1 Ba3 53. b5 axb5 54. a6 Bc5 55. Ke2 Kg7 56. e4 Kf6 57. Kd2 Ke5 58. Kd3 Bd4 59. Kd2 Kxe4 60. Ke2 b4 61. Kd2 b3 62. Kc1 Kf3 63. Kd2 b2 64. Kc2 Kxg3 0-1

[Event "Hong Kong op"]
[Site "Hong Kong"]
[Date "2023.12.25"]
[Round "2"]
[White "Shek, Daniel"]
[Black "Zhang, Hongya"]
[Result "1-0"]
[WhiteElo "1670"]
[BlackElo "1285"]
[PlyCount "59"]
[EventDate "2023.12.24"]
[EventType "swiss"]
[EventRounds "9"]
[EventCountry "HKG"]
[SourceTitle "CBM 217 Extra"]
[Source "ChessBase"]
[SourceDate "2024.01.31"]
[SourceVersion "1"]
[SourceVersionDate "2024.01.31"]
[SourceQuality "1"]

1. c4 e6 2. Nc3 d5 3. e3 c6 4. Nf3 Nf6 5. d4 Nbd7 6. Be2 dxc4 7. Bxc4 b5 8. Bb3 Bb7 9. 0-0 a6 10. Qe2 c5 11. a3 cxd4 12. exd4 Bd6 13. Bg5 0-0 14. Rfe1 Re8 15. Ne5 Qb6 16. Rad1 h6 17. Bh4 b4 18. axb4 Qxb4 19. Nxd7 Nxd7 20. Ba4 Bc8 21. Bc6 Ra7 22. Ne4 f5 23. Qh5 Rf8 24. Nxd6 Qxd6 25. Qf3 g5 26. Rxe6 Qc7 27. Rg6+ Kf7 28. Qxf5+ Ke7 29. Re1+ Kd8 30. Qxf8+ 1-0